|
|
|
|
| LEADER |
00000nab a2200000 a 4500 |
| 001 |
vtls010062406 |
| 003 |
SK-MaSNL |
| 005 |
20260305011035.0 |
| 008 |
250507c2009 xo |||||||||||000 b|slo |
| 015 |
|
|
|a SNBRB2010/02
|2 snkbucl
|
| 035 |
|
|
|a (uuid)c7fa5e14-9e5f-4139-9a5b-a5038a5ef2e9
|
| 035 |
|
|
|a urn:nbn:sk:snk-ab2xe1
|
| 035 |
|
|
|a (urnnbn)urn:nbn:sk:snk:ar-a032e5
|
| 038 |
|
|
|a SNKBUCL
|
| 040 |
|
|
|a SNKBUCL
|b slo
|c SNKBUCL
|e AACR2
|
| 041 |
0 |
|
|a slo
|
| 044 |
|
|
|a xo
|c SK
|
| 080 |
|
|
|a 001:316.3
|x (437.6)
|2 2001
|
| 080 |
|
|
|a 061.12(437.6)SAV
|2 2001
|
| 100 |
1 |
|
|a Babic, Marián
|4 aut
|4 ivr
|9 376054
|
| 245 |
1 |
0 |
|a Stabilita je prioritou celého vedeckého systému
|c Marián Babic, Jaromír Pastorek
|
| 300 |
|
|
|b Fotogr.
|
| 610 |
2 |
7 |
|a Slovenská akadémia vied
|2 snkbucl
|9 125200
|
| 650 |
0 |
7 |
|a veda a spoločnosť
|2 SNKPH
|9 66939
|
| 655 |
|
7 |
|a rozhovory
|2 SNKPH
|9 31831
|
| 700 |
1 |
|
|a Pastorek, Jaromír,
|d 1957-2026
|4 aut
|9 62568
|
| 773 |
0 |
|
|t Quark
|g Roč. XV, č. 7 (2009), s. 8-9
|x 1335-4000
|
| 850 |
|
|
|a Slovenská národná knižnica
|
| 852 |
|
|
|a Slovenská národná knižnica
|
| 954 |
|
|
|a odborná, vedecká literatúra pôvodná (slovenská)
|2 lita
|
| 958 |
|
|
|a article2022
|
| 958 |
|
|
|a SK
|
| 958 |
|
|
|a OND
|
| 958 |
|
|
|a EUIPO
|
| 999 |
|
|
|c 3250436
|d 3252366
|